000 00693nam a2200229 i 4500
001 bg
245 0 0 _aEuropejskie struktury współpracy :
_binformator /
_cpod red. Stanisława Parzymiesa.
250 _a[Wyd.2].
260 _aWarszawa :
_bZarząd Obsługi Ministerstwa Spraw Zagranicznych,
_c1997.
300 _a212 s. ;
_c24 cm.
504 _aBibliogr. przy rozdz.
650 9 _aOrganizacje międzynarodowe
_zEuropa
_yod 1989 r.
655 _aInformatory
700 1 _aPARZYMIES, Stanisław.
_eRed.
020 _a8390766507
040 _cBPK
041 0 _aenpl
080 _a061(4)"1989/..."
920 _a83-907665-0-7
942 _cKS
008 s pl f |000 0 pol
999 _c32840
_d32840
856 _uhttp://koha.tu.koszalin.pl/cgi-bin/koha/opac-detail.pl?biblionumber=32840
_yKatalog online BPK